00270nam a2200109Ia 4500008004100000100001900041245001900060260004300079650001400122942000700136999001700143190216s9999||||xx |||||||||||||| ||und|| aVivekanandan G 0aJwala Mughikal bSahithya Pravarthaka Sahakarana Sangam aKavithkal cBK c25854d25854